Teatro mexicano : descripción breve de los sucesos exemplares de la Nueva España en el Nuevo Mundo occidental de las Indias : chronica de la provincia del Santo Evangelio /

Tercero de cuatro tomos de esta edición de la obra del cronista franciscano y nahuatlato Agustín de Vetancurt (1620-1700), quien describe las características del Nuevo Mundo que encontraron los españoles a su llegada a América durante un lapso histórico que abarca desde la época prehispánica hasta m...

Повний опис

Збережено в:
Бібліографічні деталі
Автор: Vetancurt, Agustín de (autor)
Формат: Книга
Мова:Іспанська
Серія:(Colección Chimalistac de Libros y Documentos Acerca de la Nueva España ; 10)
Предмети:
Теги: Додати тег
Немає тегів, Будьте першим, хто поставить тег для цього запису!

MARC

LEADER 00000nam^a2200000^a^4500
001 000110703
005 20250521000000.0
009 20260310093804.89
037 |a Acervo ITESO - Biblioteca 
041 |a ESP 
082 |a 972.  |b VET V. 3 
100 |a Vetancurt, Agustín de,  |e (autor) 
240 1 1 |a [Teatro mexicano: descripción breve de los sucesos ejemplares de la Nueva España en el Nuevo Mundo occidental de las Indias] 
245 1 0 |a Teatro mexicano :  |b descripción breve de los sucesos exemplares de la Nueva España en el Nuevo Mundo occidental de las Indias : chronica de la provincia del Santo Evangelio /  |c A. de Vetancurt. 
264 |a Madrid, España :  |b José Porrúa Turanzas,  |c 1961 
300 |a XXXII, 372 p. 
336 |a texto  |b txt  |2 rdacontenido 
337 |a sin mediación  |b n  |2 rdamedio 
338 |a volumen  |b nc  |2 rdasoporte 
440 1 |a (Colección Chimalistac de Libros y Documentos Acerca de la Nueva España ;  |v 10) 
520 |a Tercero de cuatro tomos de esta edición de la obra del cronista franciscano y nahuatlato Agustín de Vetancurt (1620-1700), quien describe las características del Nuevo Mundo que encontraron los españoles a su llegada a América durante un lapso histórico que abarca desde la época prehispánica hasta mediados del siglo XVII. 
649 |a XX 
650 |a Franciscanos en México -  |x Historia 
650 |a Monasticismo y Ordenes Religiosas -  |z México -  |x Historia 
650 |a Iglesia Católica en México -  |x Historia 
650 |a México (Ciudad) -  |x Historia -  |y Epoca Colonial, 1517-1821 
650 |a México -  |x Historia -  |y Epoca Colonial, 1517-1821 
910 |a Fondo Jesús Rodríguez 
920 |a Impresos - Libros 
930 |a Fondos Especiales 
905 |a 113 
901 |a 0500028911  |b IT2  |c ESP  |u 20250521 
902 |a https://opac.biblio.iteso.mx/vufind/Record/000110703